Presidents Who Were Governors - Statistics

General Stats
  • This quiz has been taken 136 times
  • The average score is 16 of 18
Answer Stats
Pres. No State they Governed Term(s) as Governor Answer % Correct
43 Texas 1995-2000 George W. Bush
100%
40 California 1967-1974 Ronald Reagan
100%
42 Arkansas 1979-1980;1983-1993 Bill Clinton
99%
39 Georgia 1971-1974 Jimmy Carter
97%
26 New York 1899-1900 Theodore Roosevelt
96%
32 New York 1929-1932 Franklin D. Roosevelt
95%
3 Virginia 1779-1781 Thomas Jefferson
95%
5 Virginia 1799-1802 James Monroe
91%
30 Massachusetts 1919-1920 Calvin Coolidge
90%
17 Tennessee 1853-1857 Andrew Johnson
88%
28 New Jersey 1911-1913 Woodrow Wilson
86%
22 New York 1883-1884 Grover Cleveland
85%
24 New York 1883-1884 Grover Cleveland
85%
11 Tennessee 1839-1841 James K. Polk
84%
25 Ohio 1892-1896 William McKinley
82%
8 New York 1829 Martin Van Buren
80%
10 Virginia 1825-1826 John Tyler
78%
19 Ohio 1868-1872; 1876-1877 Rutherford B. Hayes
75%
No matching quizzes found
Score Distribution
Percent of People with Each Score
Percentile by Number Answered
Your Score History
You have not taken this quiz